[Event "EWCCC Online Final 2020"]
[Site "Online"]
[Date "2020.12.21"]
[Round "3.2"]
[White "Dordzhieva, Dinara"]
[Black "Cramling, Pia"]
[Result "1-0"]
[WhiteElo "2334"]
[BlackElo "2459"]
[Annotator "TA"]
[PlyCount "83"]
[EventDate "2020.12.19"]
[EventType "team-tourn"]
[EventCountry "NET"]
[SourceTitle "playchess.com"]
[Source "ChessBase"]
[SourceQuality "1"]

{[%evp 12,83,14,11,17,22,52,49,47,32,47,44,50,47,48,39,64,45,65,8,10,0,49,0,35,-1,44,0,38,19,14,18,20,37,47,21,31,17,14,18,35,20,30,-36,131,141,142,147,266,266,267,255,425,425,475,463,430,413,413,-467,314,303,433,437,529,535,766,758,2183,536,29960,29958,5606,5606]} 1. d4 Nf6 2. c4 e6 3. Nf3 d5 4. g3 Bb4+ 5. Bd2 a5 6. Bg2 O-O 7. Qc2 c5 {E11: Bogo-Indian.} 8. cxd5 {8.cxd5 is better than 8.dxc5.} cxd4 9. Nxd4 exd5 {White is slightly better.} 10. O-O Qb6 11. e3 Nc6 12. Nxc6 bxc6 13. Nc3 {[#]} h5 $146 ({Predecessor:} 13... Be6 14. Rac1 Rfd8 15. a3 Be7 16. Na4 Qb5 17. Nc5 Rdc8 18. Nxe6 fxe6 19. Bh3 Kf7 {0-1 (36) Illingworth,M (2493)-Kazhgaleyev,M (2576) Melbourne 2014}) 14. Rfc1 h4 15. Na4 ({White should try} 15. a3 $1 $14 Bd6 16. Na4 (16. gxh4 Re8 $11)) 15... Qd8 $11 16. b3 Bd7 17. Nc5 Bc8 18. Na4 Bd7 19. Nc5 Bc8 20. a3 Bxd2 21. Qxd2 Bf5 22. Qd4 h3 23. Bf3 Re8 24. Qf4 $36 {[%mdl 2048] White has good play.} Bc8 25. Nd3 Qb6 26. Rab1 Ba6 27. Ne5 ({White should play} 27. Nc5 $11) 27... c5 $2 {[#]} (27... Re6 $1 $15 {stays ahead.} 28. Qd4 Qb7) 28. Bxd5 $1 $16 {[%mdl 512]} Ra7 {[#]} (28... Nxd5 29. Qxf7+) 29. Bf3 $1 Bb7 (29... Rae7 $16 30. Nc4 Bxc4 31. bxc4 (31. Rxc4 Re5 $16) 31... Qa6) 30. Nc4 $18 Qa6 31. Nd6 {[%mdl 64] Double Attack, Discovered Attack} Bxf3 $2 (31... Rd8 {might work better.}) 32. Nxe8 Qc6 33. Nxf6+ gxf6 34. Rb2 ({Weaker is} 34. Qb8+ Kg7 $18) 34... Rd7 35. Rbc2 $4 {[%mdl 8192]} (35. Qf5 $18) 35... Qd5 $4 {[%mdl 8192]} (35... Rd1+ $19 {and all is fine.} 36. Rxd1 Bxd1) 36. Qc4 Qd6 (36... Qb7 $142 37. Qf1 Bg2) 37. Qf1 Bg2 38. Qe2 Qd5 39. Rxc5 Qe4 40. R5c4 Qe7 41. Qg4+ Kf8 42. Rc8+ {Accuracy: White = 67%, Black = 35%.} 1-0

[Event "EWCCC Online Final 2020"]
[Site "Online"]
[Date "2020.12.21"]
[Round "3.3"]
[White "Gunina, Valentina"]
[Black "Tokhirjonova, Gulrukhbegim"]
[Result "1-0"]
[WhiteElo "2451"]
[BlackElo "2378"]
[Annotator "TA"]
[PlyCount "83"]
[EventDate "2020.12.19"]
[EventType "team-tourn"]
[EventCountry "NET"]
[SourceTitle "playchess.com"]
[Source "ChessBase"]
[SourceQuality "1"]

{[%evp 12,83,33,6,27,18,26,21,37,37,38,16,23,13,29,1,54,-22,64,24,93,67,102,95,89,55,57,13,132,69,97,110,114,111,185,171,163,184,175,158,335,337,413,392,383,282,572,418,877,872,1033,1049,1049,1021,1020,989,1783,1739,1772,1761,1674,1668,1526,1009,950,718,2768,2633,3016,2929,29981,29983,29996,636]} 1. d4 Nf6 2. c4 e6 3. Nf3 d5 4. Nc3 Be7 5. Bf4 O-O 6. e3 b6 {6...b6 is setting a new trend.} 7. Be2 dxc4 {D37: Queen's Gambit Declined: 5 Bf4.} 8. Bxc4 Ba6 9. Bxa6 Nxa6 {The position is equal.} 10. O-O c5 11. Qa4 Qc8 12. Rac1 Qb7 13. Nb5 Rfd8 (13... cxd4 $11 14. Nbxd4 (14. Qxd4 Nc5 $11) 14... Nc5) 14. Ne5 (14. a3 $1 $14) 14... Rac8 {[#]} ({Black should try} 14... Nb4 $11) 15. a3 $146 ({Predecessor:} 15. Rfd1 Nd5 16. Bg3 cxd4 17. exd4 h6 18. h3 Bf8 19. a3 Ne7 20. Rxc8 Rxc8 21. Nd6 {1-0 (21) Parligras,M (2591)-Baches Garcia,G (2329) chess.com INT 2020}) 15... h6 (15... Ne4 $11 {keeps the balance.}) 16. h3 Bf8 17. Nc4 Ne8 18. Rfd1 Ra8 19. Bg3 Rac8 {[#]} (19... cxd4 $11 {remains equal.} 20. Nxd4 (20. exd4 Nac7 $11) (20. Rxd4 Nc5 $11) 20... Nc5) 20. Bh4 (20. dxc5 $1 $16 {Rxd8 is the strong threat.} Rxd1+ 21. Rxd1) 20... g5 21. Bg3 Rd7 22. Ne5 Rd5 (22... Rdd8 $16) 23. e4 $36 {[%mdl 2048] White is on the roll.} Rdd8 {[#]} 24. d5 $1 exd5 25. exd5 Nd6 $2 {This move loses the game for Black.} (25... Nac7 $16 {keeps fighting.}) 26. Nc6 {[%mdl 64] Double Attack} Rd7 {Now ...Nxb5 and Black clings on.} 27. Bxd6 Bxd6 28. Qg4 Re8 $2 (28... Bf4 29. Nbxa7 Rf8) 29. h4 f6 (29... Bf4 $142 30. hxg5 hxg5) 30. Qf5 Kg7 31. h5 Be5 32. Qg6+ Kf8 33. Qxh6+ Kg8 34. Qg6+ {[%mdl 64] Double Attack} Kf8 35. Nxe5 fxe5 36. Rc3 e4 37. Qxg5 Rg7 38. Qf6+ Kg8 39. Nd6 {[%mdl 64] Double Attack} Qe7 40. Nxe8 Qxe8 41. h6 {[%csl Gh6][%cal Rf6g7]} Rg6 {[#]} 42. h7+ $1 {[%mdl 64] Decoy.  Weighted Error Value: White=0.32/Black=0.69} 1-0

[Event "EWCCC Online Final 2020"]
[Site "Online"]
[Date "2020.12.21"]
[Round "3.3"]
[White "Bodnaruk, Anastasia"]
[Black "Dauletova, Gulmira"]
[Result "0-1"]
[WhiteElo "2423"]
[BlackElo "2319"]
[Annotator "TA"]
[PlyCount "96"]
[EventDate "2020.12.19"]
[EventType "team-tourn"]
[EventCountry "NET"]
[SourceTitle "playchess.com"]
[Source "ChessBase"]
[SourceQuality "1"]

{[%evp 16,96,12,6,5,-19,-13,-22,-21,-153,-145,-142,-150,-143,-151,-229,-229,-229,-221,-264,-263,-362,-358,-344,-363,-343,-311,-333,-285,-415,-316,-423,-431,-432,-366,-462,-454,-449,-463,-546,-513,-490,-504,-608,-647,-639,-638,-591,-560,-611,-594,-691,-662,-748,-741,-738,-709,-725,-637,-687,-677,-638,-640,-749,-736,-789,-794,-794,-786,-2972,-911,-1039,-842,-29978,-1018,-1484,-1064,-992,-979,-2059,-1985,-29982,-29983]} 1. e4 e5 2. Nf3 Nc6 3. Bc4 Bc5 4. d3 Nf6 5. Bg5 Be7 6. O-O h6 7. Bh4 d6 8. c3 O-O 9. Nbd2 Nh5 {C50: Hungarian Defence and Giuoco Pianissimo.} 10. Bg3 Nxg3 11. fxg3 Na5 {The position is equal.} 12. Bb5 (12. a4 $11 {remains equal.}) 12... c6 $17 13. Ba4 {[#]} Qb6+ $146 ({Predecessor:} 13... c5 14. Kh1 Be6 15. d4 cxd4 16. cxd4 Nc4 17. Nxc4 Bxc4 18. Rf2 Qa5 19. a3 Rac8 {1-0 (35) Bodnaruk,A (2411)-Zhukova,N (2328) Moscow 2020}) 14. Rf2 {Black must now prevent b4.} Qxb2 15. Nc4 (15. Rc1 $17 Qb6 16. Rb1) 15... Qxc3 $19 16. Rc1 Qb4 17. a3 Qc5 18. Ncxe5 Qe3 (18... Qxa3 $2 19. Ra1 $17) 19. Nc4 Nxc4 20. dxc4 Bf6 ({But not} 20... Qxa3 21. Rd2 $19) 21. h3 Be6 ({Don't take} 21... Qxa3 22. Rd2 $19) 22. Kf1 (22. Rb1 $142) 22... Qxe4 23. Bc2 Bxc4+ 24. Kg1 Qe6 25. Bb1 {intending Qc2.} d5 26. Qc2 {[%csl Gb1][%cal Rc2h7]} g6 27. h4 h5 28. Qd2 Rae8 29. Re1 Qd6 30. Kh2 Rxe1 31. Qxe1 d4 32. Rd2 c5 33. Be4 Bd5 34. Qb1 Bxe4 35. Qxe4 b6 36. Rd1 Rd8 37. Qd3 Qd5 38. Nd2 Be5 39. Nc4 Bc7 40. a4 Re8 41. Rf1 Qe6 42. Qc2 a6 43. Nd2 {[#]} Qg4 $1 44. Rf3 Re3 (44... Re1 $142 45. Nf1 Qxh4+ 46. Kg1 Bxg3 47. Rxg3 Qxg3 48. a5 Qe3+ 49. Qf2 bxa5 50. g4 hxg4 51. Kh1 Qh3+ 52. Kg1 {[#]} Rxf1+ $1 {[%mdl 512]} 53. Qxf1 Qxf1+ 54. Kxf1 a4 55. Kf2 a3 56. Kg3 a2 57. Kxg4 a1=Q 58. Kf4 d3 59. Kf3 d2 60. Kg2 Qc3 61. Kf2 d1=Q 62. Kg2 Qe2+ 63. Kh1 Qce1#) 45. Nf1 Rxf3 46. gxf3 Qxf3 47. Kg1 d3 48. Qc4 Be5 {White got outplayed after the opening. Accuracy: White = 30%, Black = 76%.} 0-1

[Event "EWCCC Online Final 2020"]
[Site "Online"]
[Date "2020.12.21"]
[Round "3.3"]
[White "Muminova, Nafisa"]
[Black "Salimova, Nurgyul"]
[Result "1/2-1/2"]
[WhiteElo "2274"]
[BlackElo "2397"]
[Annotator "TA"]
[PlyCount "59"]
[EventDate "2020.12.19"]
[EventType "team-tourn"]
[EventCountry "NET"]
[SourceTitle "playchess.com"]
[Source "ChessBase"]
[SourceQuality "1"]

{[%evp 14,59,39,28,65,63,60,53,62,67,77,83,77,78,70,71,81,75,73,92,102,106,45,0,181,188,356,348,573,0,204,205,271,263,266,-41,-41,-37,8,8,26,6,25,0,0,0,12,0]} 1. d4 e6 2. Nc3 c5 3. Nf3 cxd4 4. Nxd4 Qb6 5. Nb3 Nf6 6. e4 Bb4 7. Bd3 Nc6 8. O-O a6 {B33: Sicilian: Pelikan and Sveshnikov Variations.} 9. Be3 Qc7 10. f4 d6 {[#] White is slightly better.} 11. Na4 $146 ({Predecessor:} 11. a3 Bxc3 12. bxc3 Bd7 13. Nd4 e5 14. fxe5 dxe5 15. Nf5 Rg8 16. Bc5 Bxf5 17. Rxf5 {1-0 (38) Joseph,K-Moturi,C (1358) Nairobi 2019}) 11... b5 12. Nb6 Rb8 13. Nxc8 Rxc8 14. a4 $36 {[%mdl 2048] Keeping Black busy.} O-O 15. axb5 axb5 16. c3 Ba5 17. Nxa5 Nxa5 18. e5 Nd5 $2 (18... dxe5 $11 {and Black is okay.} 19. fxe5 (19. Bxb5 Nd5 $17) 19... Nd5) 19. exd6 $18 Qd8 $2 (19... Qxd6 20. Rxa5 Qd8) 20. Bd4 Nc6 $2 {[#]} (20... Rc4 21. Bxc4 Nxc4) 21. Be5 $2 (21. Qh5 g6 $15) (21. Bxh7+ $1 $18 {[%mdl 512]} Kxh7 22. Qh5+ Kg8 23. Bxg7 $1 {[%mdl 512]} Kxg7 24. Qg4+ Kh7 25. Rf3 Nxf4 26. Qxf4 (26. Rxf4 f5 $16)) 21... f6 $2 {[#]} (21... Nxe5 $11 {and Black has nothing to worry.} 22. fxe5 Ne3) 22. Qh5 $1 {[%cal Rh5h7]} g6 {[#]} 23. Bxg6 $1 {[%csl Gg6][%cal Rh5h7][%mdl 512]} Qd7 (23... hxg6 24. Qxg6+) 24. Bxh7+ $2 ({Only move:} 24. Be4 $18 Rf7 25. Bxd5 exd5 26. Bd4) 24... Qxh7 $15 25. Qg4+ $1 Qg7 26. Qxe6+ {[%mdl 64] Double Attack} Qf7 27. Qg4+ Qg7 28. Qe6+ Qf7 29. Qg4+ Qg7 30. Qe6+ {Black defended with fortune.  Weighted Error Value: White=0.51/Black=0.57} 1/2-1/2

[Event "EWCCC Online Final 2020"]
[Site "Online"]
[Date "2020.12.21"]
[Round "3.4"]
[White "Javakhishvili, Lela"]
[Black "Hoang, Thanh Trang"]
[Result "0-1"]
[WhiteElo "2473"]
[BlackElo "2404"]
[Annotator "TA"]
[PlyCount "60"]
[EventDate "2020.12.19"]
[EventType "team-tourn"]
[EventCountry "NET"]
[SourceTitle "playchess.com"]
[Source "ChessBase"]
[SourceQuality "1"]

{[%evp 9,60,8,5,-18,4,-9,6,-33,-1,-39,-55,-54,-50,-108,-113,-117,-77,-108,-31,-115,-110,-146,-148,-152,-106,-197,-184,-192,-193,-195,-202,-198,-168,-336,-335,-325,-325,-335,-343,-618,-418,-465,-464,-478,-455,-1106,-1056,-5804,-4313,-29990,-29991,-29992,-29992]} 1. d4 e6 2. c4 f5 3. Nc3 Nf6 4. Qc2 b6 5. e3 Bb7 6. Nge2 {A40: Unusual replies to 1 d4.} Be7 7. Nf4 O-O {[#]} 8. h4 $146 {The position is equal.} ({Predecessor:} 8. Be2 Na6 9. O-O c5 10. d5 e5 11. Nh3 Nc7 12. Bd2 d6 13. f4 Bc8 14. Kh1 e4 {½-½ (14) Ionov,S (2542)-Ulybin,M (2583) Stockholm 2001}) 8... Ne4 9. Bd3 {[%cal Rc3e4]} Nxc3 10. bxc3 Nc6 11. Qe2 (11. h5 $15) 11... e5 $17 12. Nd5 Bd6 13. Bb2 Ne7 (13... e4 $17 14. Bc2 Na5) 14. Nxe7+ (14. dxe5 $1 $15 Bxe5 15. O-O-O) 14... Qxe7 15. O-O-O Bxg2 16. Rhg1 {[#] Black must now prevent dxe5.} Be4 17. Rg5 (17. Bxe4 $17 fxe4 18. Rg4) 17... Bxd3 $19 18. Qxd3 e4 19. Qe2 Rf7 20. Rdg1 Kh8 21. f4 $2 {[#]} (21. h5 {was worth a try.}) 21... exf3 $1 22. Qxf3 Re8 23. Kc2 Qxe3 24. Qh5 $2 (24. Rf1 Qe2+ 25. Kb3) 24... Ref8 (24... g6 $2 25. Rxg6 Rfe7 26. Kb3 $19) 25. Kb3 a5 26. a4 f4 {aiming for ...f3.} 27. Ba3 (27. Bc1 $142 Qh3 28. Qg4 Qxg4 29. R5xg4) 27... Bxa3 28. Re5 Qxg1 29. Qxf7 Rxf7 30. Re8+ Rf8 {Weighted Error Value: White=1.09/Black=0.23} 0-1

[Event "EWCCC Online Final 2020"]
[Site "Online"]
[Date "2020.12.21"]
[Round "3.4"]
[White "Daulyte-Cornette, Deimante"]
[Black "Lazarne Vajda, Szidonia"]
[Result "1/2-1/2"]
[WhiteElo "2400"]
[BlackElo "2345"]
[Annotator "TA"]
[PlyCount "93"]
[EventDate "2020.12.19"]
[EventType "team-tourn"]
[EventCountry "NET"]
[SourceTitle "playchess.com"]
[Source "ChessBase"]
[SourceQuality "1"]

{[%evp 9,93,61,58,64,60,41,35,38,67,-5,-3,4,43,-31,49,43,52,31,142,142,118,60,108,109,110,111,153,63,77,66,199,63,53,40,38,21,35,0,43,39,60,16,23,25,37,0,5,0,0,0,6,6,6,6,67,59,55,67,81,80,87,0,0,0,0,-15,-8,-8,127,0,0,0,0,0,0,0,0,0,144,0,0,0,51,0,0,0]} 1. e4 g6 2. d4 Bg7 3. Nc3 c6 4. h3 d6 5. f4 e5 6. dxe5 $1 {B06: Modern Defence.} Qh4+ 7. Ke2 {Threatens to win with Nf3.} dxe5 8. Nf3 {White is slightly better.} Bg4 9. g3 ({Of course not} 9. fxe5 Bxf3+ 10. gxf3 Bxe5 $11) ({White should play} 9. hxg4 $14 Qxh1 10. fxe5) 9... Bxf3+ $11 10. Kxf3 Qf6 {[#]} 11. Be3 $146 (11. Bc4 $14) ({Predecessor:} 11. Kg2 Nd7 12. Be2 O-O-O 13. Bg4 Nh6 14. fxe5 Qe7 15. Bxh6 Bxh6 16. Qd6 Rhe8 17. Rad1 {½-½ (32) Piber,V (2068)-Fasser,W (2038) Harkany 2001}) 11... Ne7 ({Black should try} 11... exf4 $15 12. gxf4 Nd7) 12. Bc4 $36 {[%mdl 2048] White is pushing.} Nd7 {aiming for ...exf4.} 13. Kg2 Nb6 (13... exf4 $14 14. gxf4 Rd8) 14. Bb3 $16 exf4 {...Rd8 is the strong threat.} 15. gxf4 (15. Rf1 $16 O-O 16. Rxf4) 15... O-O 16. Qf3 Rad8 17. Rad1 Nec8 18. Rd3 (18. e5 $16 Qe7 19. Ne4) 18... Rxd3 19. cxd3 Qd8 (19... Rd8 $14) 20. Rd1 (20. h4 $1 $18) 20... Bd4 $14 21. Bxd4 Qxd4 22. Rd2 Ne7 23. Ne2 Qd7 (23... Qb4 $5 {[%cal Rb4d2]} 24. Qe3 Nbd5 25. Bxd5 (25. exd5 $2 Nf5 $19) 25... cxd5 $11) 24. d4 Kg7 25. a4 f5 26. e5 $1 Nbd5 27. Nc3 (27. Rd1 {is interesting.} Nc7 28. h4 h5 29. Nc3 Rd8 30. Kg3) 27... Rd8 28. Nxd5 Nxd5 29. Bxd5 Qxd5 30. Qxd5 Rxd5 $11 {[%mdl 4096] Endgame KR-KR} 31. Kf3 Kf7 (31... h6 $1 $11) 32. Ke3 $14 Ra5 33. b3 Ke6 34. h4 Ra6 35. Kd3 ({Better is} 35. Rb2 $1 $16) 35... Rb6 $1 $11 {[%cal Rb6b3]} 36. Kc4 a5 37. h5 Rb4+ 38. Kc3 Kd5 {[#]} (38... gxh5 $11 39. Rh2 c5 $1 {[%mdl 512]} 40. dxc5 Rxf4 41. Rxh5 Rb4) 39. hxg6 (39. Re2 $1 $16 Ke6 40. hxg6 hxg6 41. Rg2) 39... hxg6 40. Re2 Ke6 $1 ({Don't blunder} 40... Rxd4 $2 41. e6 $18) 41. Rg2 Kf7 42. Rh2 Kg7 $1 43. Rh4 Kg8 {[#]} (43... Rb6 $1 $11 {keeps the balance.}) 44. Rh6 (44. e6 $1 $16 {And now Rh8+! would win.} Kg7 45. Rh7+ Kf8 46. Rf7+ Ke8 47. Rg7) 44... Kg7 $1 {[%cal Rg7h6]} 45. Rh4 (45. Rh1 $11) 45... Kg8 $14 46. Rh6 (46. e6 $14 Kf8 47. Rh7) 46... Kg7 $1 $11 {[%cal Rg7h6]} 47. Rh4 {Weighted Error Value: White=0.25/Black=0.26} 1/2-1/2

[Event "EWCCC Online Final 2020"]
[Site "Online"]
[Date "2020.12.21"]
[Round "3.4"]
[White "Gara, Ticia"]
[Black "Mkrtchian, Lilit"]
[Result "1/2-1/2"]
[WhiteElo "2383"]
[BlackElo "2388"]
[Annotator "TA"]
[PlyCount "91"]
[EventDate "2020.12.19"]
[EventType "team-tourn"]
[EventCountry "NET"]
[SourceTitle "playchess.com"]
[Source "ChessBase"]
[SourceQuality "1"]

{[%evp 15,91,-63,-1,-25,0,1,0,0,2,2,8,12,13,11,10,8,16,14,6,11,38,6,33,31,71,35,45,31,46,28,65,54,85,97,111,85,122,28,67,14,12,22,33,33,33,33,33,33,33,33,33,33,33,33,33,33,33,33,33,33,33,33,33,33,33,25,25,25,25,25,25,0,25,0,25,0,25,0]} 1. Nf3 d5 2. g3 Nd7 3. d4 Ngf6 4. Bg2 e6 5. c4 c6 6. O-O Be7 7. Nc3 dxc4 8. e3 O-O ({Better is} 8... b5 $15) 9. Nd2 $11 {E07: Closed Catalan: Main Line (5 Nf3 0-0 6 0-0 Nbd7).} e5 10. Nxc4 exd4 11. exd4 {The position is equal.} Nb6 12. Nxb6 {[#]} axb6 $146 ({Predecessor:} 12... Qxb6 13. d5 cxd5 14. Be3 Qxb2 15. Bd4 Qa3 16. Rb1 a6 17. Re1 Be6 18. Rxb7 Rfe8 {1-0 (37) Reich,T (2375)-Westermeier,A (2297) Austria 2003}) 13. d5 Bg4 14. Qb3 cxd5 15. Nxd5 Nxd5 16. Qxd5 Qxd5 17. Bxd5 Bc5 18. Bf4 Rae8 19. Rfe1 Bc8 20. Rac1 (20. a3 {is interesting.} h6 21. Bf3 Re6 22. b4 Bd4 23. Rad1) 20... Rxe1+ 21. Rxe1 Rd8 22. Bf3 Kf8 23. a3 f6 24. b4 Bd4 25. Kg2 g5 26. Be3 (26. Bc7 $16 Rd7 27. Rc1) 26... Re8 27. Rc1 (27. Bh5 $14 Re4 28. Rd1 Bxe3 29. Rd8+ {[%mdl 64] Double Attack} (29. fxe3 Rc4 $11) 29... Kg7 30. Rxc8) 27... Bxe3 28. fxe3 {[%mdl 4096] Endgame KRB-KRB} Bf5 29. Kf2 Rc8 30. Rxc8+ Bxc8 $14 {KB-KB} 31. Bd5 Ke7 32. Kf3 Kd6 33. Bg8 h6 34. Ke4 b5 35. Bh7 b6 36. Bf5 Bb7+ $1 37. Kd4 Bc6 38. Bg6 Bd7 39. Bd3 Bc6 40. h4 Bd7 41. Bg6 Bc6 42. Bf5 Be8 43. Bd3 Bc6 44. Bf5 Be8 45. Bd3 Bc6 46. Bf5 {Weighted Error Value: White=0.14/Black=0.14} 1/2-1/2

[Event "EWCCC Online Final 2020"]
[Site "Online"]
[Date "2020.12.21"]
[Round "3.4"]
[White "Papp, Petra"]
[Black "Arabidze, Meri"]
[Result "1/2-1/2"]
[WhiteElo "2336"]
[BlackElo "2437"]
[Annotator "TA"]
[PlyCount "125"]
[EventDate "2020.12.19"]
[EventType "team-tourn"]
[EventCountry "NET"]
[SourceTitle "playchess.com"]
[Source "ChessBase"]
[SourceQuality "1"]

{[%evp 21,125,23,18,17,27,17,25,17,24,22,25,35,47,30,24,26,51,56,61,1,9,9,10,8,102,0,31,35,54,34,46,18,15,0,39,-13,11,7,106,110,104,15,17,21,13,0,0,0,0,0,81,0,33,34,390,225,339,57,57,64,65,65,79,0,0,0,0,0,0,0,0,0,0,0,0,0,0,0,0,0,0,0,0,0,0,0,0,0,0,0,0,0,0,0,0,0,0,0,0,0,0,0,0,0,0,0]} 1. e4 c5 2. Nf3 e6 3. d4 cxd4 4. Nxd4 Nc6 5. Nc3 a6 6. Nxc6 bxc6 7. Bd3 Nf6 8. O-O d5 9. Qe2 Bb7 10. b3 Be7 11. Bb2 O-O 12. Rae1 {B46: Sicilian: Taimanov: 5 Nc3 a6.} Qc7 {[#]} 13. Na4 $146 ({Predecessor:} 13. Kh1 Rfe8 14. f4 g6 15. e5 Nd7 16. f5 exf5 17. Bxf5 Bf8 18. Bxd7 Qxd7 19. Na4 Qc7 {½-½ (36) Kryvoruchko,Y (2702)-Rublevsky,S (2689) Novi Sad 2016}) 13... dxe4 14. Bxe4 {White has an edge.} Nxe4 15. Qxe4 c5 16. Qg4 {[%csl Gb2][%cal Rg4g7]} g6 17. Be5 Qc6 18. Nb2 f6 19. Bc3 e5 20. f4 (20. Nc4 $14) 20... f5 21. Qh3 e4 $1 22. Nc4 Bf6 (22... Rad8 $11 {keeps the balance.}) 23. Ne5 (23. Rd1 $1 $16) 23... Qe6 24. Rd1 {aiming for Rd7!} Rad8 25. Qe3 Qe7 26. Qe2 Qe6 27. Qe3 Rd5 28. Rde1 (28. Rxd5 $14 Qxd5 29. h3) 28... Bxe5 (28... Qe7 {feels hotter.} 29. Rd1 Rfd8 30. Rxd5 Rxd5 31. g3 g5) 29. Bxe5 Rxe5 (29... Rfd8 $11 {remains equal.}) 30. fxe5 Qxe5 {[#] ...f4 would now be nice for Black.} 31. Qf4 ({White should try} 31. g3 $1 $16) 31... Qxf4 $1 $11 32. Rxf4 {[%mdl 4096] Endgame KRR-KRB} g5 $1 {[%cal Rg5f4]} 33. Rf2 f4 34. Rd2 e3 35. Rd7 Be4 (35... Rf7 $11 36. Red1 Be4) 36. c4 (36. Rc7 $16) 36... g4 {And now ...f3 would win.} (36... Rf7 $5 {[%cal Rf7d7]} 37. Rd8+ Rf8 $16) 37. Re7 Ba8 $2 {[%mdl 8192]} (37... f3 $1 $14 38. Rxe4 (38. gxf3 gxf3 39. Rxe4 f2+ {[%mdl 64] Double Attack} 40. Kf1 fxe1=N+ 41. Kxe1 Rf2 $14) 38... f2+ 39. Kf1 fxe1=N+ 40. Kxe1 Rf2) 38. Rf1 (38. Rd1 $142 e2 39. Rxe2) 38... h5 {[#]} (38... Bxg2 $142 39. Kxg2 f3+ 40. Kg3 e2) 39. g3 $2 ({Only move:} 39. Rd1 $1 $18) 39... Bf3 $14 40. gxf4 e2 41. Re1 $1 {Threatens to win with Re5.} Rxf4 42. R1xe2 ({Better is} 42. Re5 $16) 42... Bxe2 $11 {The position is equal.} 43. Rxe2 $14 {KR-KR} h4 44. Re5 Rd4 45. Rxc5 Rd1+ 46. Kf2 Rd2+ 47. Ke3 Rxa2 48. Kf4 Rxh2 {Strongly threatening ...g3.} 49. Kxg4 h3 50. Rh5 Rg2+ 51. Kxh3 Rb2 52. Rg5+ Kf7 53. Rg3 Ke6 54. Rg6+ Kd7 55. Rb6 Kc7 56. Rb4 Kc6 57. Kg4 a5 58. Rb5 a4 59. bxa4 Rc2 60. Rb4 Kc5 61. Rb8 Rxc4+ 62. Kf5 Rxa4 63. Rc8+ {Weighted Error Value: White=0.31/Black=0.22} 1/2-1/2

[Event "EWCCC Online Final 2020"]
[Site "Online"]
[Date "2020.12.21"]
[Round "3.5"]
[White "Khademalsharieh, Sarasadat"]
[Black "Mammadzada, Gunay"]
[Result "1/2-1/2"]
[WhiteElo "2494"]
[BlackElo "2443"]
[Annotator "TA"]
[PlyCount "115"]
[EventDate "2020.12.19"]
[EventType "team-tourn"]
[EventCountry "NET"]
[SourceTitle "playchess.com"]
[Source "ChessBase"]
[SourceQuality "1"]

{[%evp 9,115,30,34,31,27,31,39,28,28,42,41,33,32,32,39,12,13,0,6,2,2,6,5,5,5,0,0,-43,-20,-34,-35,-41,-29,-40,-36,-49,-19,-20,-20,-27,-14,-68,-66,-67,-38,-37,-12,-10,-11,-15,0,0,0,0,0,0,0,-11,-22,-22,-9,-24,-9,-28,0,0,0,0,0,0,0,0,0,0,0,0,0,0,0,0,0,0,0,0,0,0,0,0,0,0,0,0,0,0,0,0,0,0,0,0,0,0,0,0,0,0,0,0]} 1. d4 d5 2. c4 c6 3. Nf3 Nf6 4. e3 Bf5 5. Nc3 a6 6. Ne5 {D15: Slav Defence: 4 Nc3 a6 and gambit lines after 4 Nc3 dxc4.} Nbd7 7. Qb3 Qc7 8. cxd5 {White is slightly better.} Nxe5 9. dxe5 Nxd5 10. Nxd5 cxd5 11. Bd2 Qxe5 12. Be2 (12. Rc1 {looks sharper.} Bd7 13. Bc3 Qc7 14. Qxd5 Bc6 15. Qg5) 12... Qd6 13. Qxb7 Rb8 {[#]} 14. Qxa6 $146 ({Predecessor:} 14. Qa7 Rxb2 15. Bd1 f6 16. Bb3 Bc2 17. Qd4 Bxb3 18. Qxb2 Bc4 19. Rb1 Kf7 20. f3 {½-½ (72) Bacrot,E (2686)-Tomashevsky,E (2743) Reykjavik 2015}) 14... Qxa6 15. Bxa6 Rxb2 16. a4 e5 17. Bb5+ Bd7 18. Be2 Bd6 19. Bc3 Rc2 $36 {[%mdl 2048] Black is pushing.} 20. Bd2 Ke7 21. Bd1 Rb2 22. Bc3 Bb4 (22... Rbb8 {with more complications.} 23. O-O Rhc8 24. Bd2 e4 25. a5 Bb5) 23. Bxb4+ Rxb4 24. O-O Ra8 25. a5 (25. f4 $1 $11) 25... Bb5 26. Re1 Bc4 27. f4 $1 f6 28. fxe5 fxe5 29. Be2 Ra6 30. Bxc4 Rxc4 $11 {[%mdl 4096] Endgame KRR-KRR} 31. Reb1 Kd6 32. Rb7 Rc7 33. Rb2 Rca7 34. Rba2 Rb7 35. Kf2 Rb5 36. Ke2 d4 37. exd4 {The position is equal.} exd4 38. Rd1 Ke5 39. Ra4 Rd5 40. Rd3 Raxa5 {[#]} (40... h6 {is interesting.} 41. Rda3 Rb5 42. Kd3 g5 43. g3 h5) 41. Rdxd4 $1 {[%mdl 512]} Rxd4 42. Rxa5+ {KR-KR} Rd5 43. Ra7 Kf6 44. h4 Re5+ 45. Kf3 Re7 46. Ra6+ Re6 47. Ra4 Re5 48. g4 h6 49. Ra6+ Re6 50. Ra5 Re5 51. Ra7 Re7 52. Ra4 Re5 53. Rf4+ Kg6 54. Rf8 Re7 55. Kg3 Re4 56. Ra8 Rb4 57. Ra6+ Kh7 58. g5 {Accuracy: White = 95%, Black = 90%.} 1/2-1/2